Online Public Access Catalogue

Fluorescent Protein Tracing / (Record no. 976)

MARC details
000 -LEADER
fixed length control field 00479nam a2200157Ia 4500
082 ## - DEWEY DECIMAL CLASSIFICATION NUMBER
Classification number QU 55
Author Mark NAI
100 ## - MAIN ENTRY--PERSONAL NAME
Author Name Nairn, R. C. (ed)
245 #0 - TITLE STATEMENT
Title Fluorescent Protein Tracing /
250 ## - EDITION STATEMENT
Edition statement 3rd
260 ## - PUBLICATION, DISTRIBUTION, ETC.
Place of publication, distribution, etc. Edinburgh
Name of publisher, distributor, etc. E. & S. Livingstone
Date of publication, distribution, etc. 1969
300 ## - PHYSICAL DESCRIPTION
No of Pages 502
illustrations ILL
Dimensions 20CM
504 ## - BIBLIOGRAPHY, ETC. NOTE
Bibliography, Index, etc. note INCLUDE:INDEX
650 ## - SUBJECT ADDED ENTRY--TOPICAL TERM
Subject Proteins. Biochemistry.
Keywords FLUOROCHROMES AND THEIR CONJUGATION , MICROSCOPY.
942 ## - ADDED ENTRY ELEMENTS (KOHA)
Koha item type Books
Source of classification or shelving scheme
Holdings
Item status Home library Current library Shelving location Date acquired Total Checkouts Full call number Barcode Date last seen Koha item type
  Islamabad Medical and Dental College Islamabad Medical and Dental College Islamabad Medical and Dental College 16/03/2018   574.1 NAI 1136 16/03/2018 Books

Copyright @ IMDC Library
Islamabad Medical and Dental College
Bhara Kahu, Islamabad

  Contact the Librarian, IMDC
  Email:: library@imdcollege.edu.pk

  OPAC Customized by
  Mazhar Hussain,
  Librarian:
  Islamabad Medical and Dental College
  Email:: library@imdcollege.edu.pk